00549nmm a2200169Ia 4500008004100000020001800041041000800059100003100067245009100098264006000189300001800249490002900267650000800296856005100304942000700355999001700362251105s9999||||xx |||||||||||||||||und|| a9789587386134 aspa aAmparo Rodríguez, Gloria 0aLos derechos de los pueblos indígenas de Colombia :b Luchas, contenido y relaciones a[Bogotá, Colombia] :bUniversidad del Rosario, c2015 a173 páginas aTextos de Jurisprudencia aLaw uhttps://public.digitaliapublishing.com/a/46525 cCF c95827d95827